| 000 | 00939nam0a22002771 4500 | ||
|---|---|---|---|
| 001 | rc\2596676 | ||
| 005 | 20250623125554.0 | ||
| 035 | _a(NLR Aleph) 006760826 | ||
| 090 |
_a5842487 _c5842487 |
||
| 100 | _a20110914d1929 |||y0rusy50 ca | ||
| 101 | 1 |
_arus _cheb |
|
| 102 | _aRU | ||
| 105 | _ay z |||a| | ||
| 200 | 1 |
_aРассказы и новеллы _fА. Рейзин _gПер. с еврейск. С. Готлиб |
|
| 210 |
_aМосква _aЛенинград _cГос. изд-во _d1929 _eМосква _gтип. "Красный пролетарий" |
||
| 215 |
_a180 с. _d21х15 см. |
||
| 225 | 1 | _aТворчество народов СССР | |
| 300 | _aОбложка: Б[орис] Т[итов] | ||
| 700 | 1 |
_aРейзин _bА. _f1876-1953 _gАвраам |
|
| 702 | 1 |
_aГотлиб _bС. _4730 |
|
| 801 | 0 |
_aRU _bNLR _gpsbo |
|
| 801 | 1 |
_aRU _bELAR _2rusmarc |
|
| 852 |
_aNLR _j73/15 |
||
| 942 | _cBOOK | ||
| 980 | _aNB | ||